000 00561nam a2200205Ia 4500
003 OSt
005 20251004101735.0
008 210210b1984 xxu||||| |||| 00| 0 eng d
040 _cAL
041 _aKannada
082 _aK894.9 BHAK
100 _aBHAT (Ke En).
_dಭಟ್ (ಕೆ ಎನ್ )
_9241522
245 _aKubja sundari.
_bಕುಬ್ಜ ಸುಂದರಿ
260 _aKinnigoli
_bYugapurusha Prakatanalaya
_c1984
300 _a10
650 _aRajaji
_9241523
690 _aKannada Criticism
_9241524
906 _aSG03206
942 _2ddc
_cSG
999 _c114062
_d114062